O erro de Descartes (Registo nº 27742)

Detalhes MARC
000 -Etiqueta do registo
Valores 00781nam a2200265 4500
021 ## - Número do Depósito Legal
-- PT
Número 229948/05
090 ## -
-- 27742
100 ## - Dados gerais de processamento
Dados gerais 20070111d19952005k y0pory5003 ba
101 1# - Língua de publicação
-- por
102 ## - País de publicação
-- PT
200 1# - Titulo e menção de responsabilidade
Título próprio O erro de Descartes
Informação de outro título emocao, razao e cerébro humano
Primeira menção de responsabilidade António R. Damásio
Outras menções de responsabilidade trad. Dora Vicente e Georgina Segurado
205 ## - Menção da edição
Edição 24ª ed
210 ## - Publicação
Local de publicação Mem Martins
Nome do editor Europa-América
Data de publicação D.L. 2005
215 ## - Descrição física 
Paginação / Volumes 309 p.
Dimensões 23 cm
225 2# - Colecção 
Título próprio da colecção Forum da ciência
Indicação de volume 29
304 ## - Nota relativa ao título
Texto de nota Tít. orig.: Descartes'error
675 ## - CDU
Notação 616.8
Edição BN
Língua por
675 ## - CDU
Notação 612.82
Edição BN
Língua por
675 ## - CDU
Notação 159.9
Edição BN
Língua por
700 #1 - Autor principal (pessoa individual)
Apelido Damásio
Nome António Rosa
Datas 1944-
702 #1 - Autor secundário (pessoa individual)
Apelido Vicente
Nome Dora
-- 730
702 #1 - Autor secundário (pessoa individual)
Apelido Segurado
Nome Maria Georgina
-- 730
801 ## - Fonte de origem
País PT
Regras de catalogação RPC
990 ## - Elementos KOHA
Tipo de documento Livro
995 ## - Localização e informação dos exemplares
-- 18
Exemplares
Situação do levantamento Estado Biblioteca de origem Biblioteca de empréstimo Código de barras Cota Permissão de empréstimo Tipo de documento
  Completo Biblioteca da Escola Básica e Secundária Dr Isidoro de Sousa Biblioteca da Escola Básica e Secundária Dr Isidoro de Sousa 4416EV 159.9 DAM Disponível Livro




Powered by Koha